[Event "46th GRE-chT Premier 2018"]
[Site "Rio Achaia"]
[Date "2018.07.10"]
[Round "1"]
[White "Almasi, Zoltan"]
[Black "Nedev, Trajko"]
[Result "1-0"]
[WhiteElo "2699"]
[BlackElo "2490"]
[Annotator "TA"]
[PlyCount "93"]
[EventDate "2018.07.10"]
[EventType "team-tourn"]
[EventCountry "GRE"]
[SourceTitle "playchess.com"]
[Source "ChessBase"]
[SourceQuality "1"]

1. Nf3 Nf6 2. c4 g6 3. b3 Bg7 4. Bb2 c5 5. g3 d6 6. Bg2 e5 7. d3 O-O 8. O-O Nc6 9. Nc3 Rb8 10. a3 a6 11. Nd2 Be6 12. Nd5 Ne7 13. Nxf6+ Bxf6 14. b4 b5 15. Ne4 Bg7 16. cxb5 Rxb5 17. Qa4 cxb4 18. axb4 Nd5 19. Qxa6 Rb6 20. Qa5 Nxb4 21. Bc3 Nc6 22. Qa3 Rb3 23. Qa4 Qb6 24. Rfc1 d5 25. Nc5 Rb5 26. Nxe6 fxe6 27. e3 Rc5 28. Bh3 Kf7 29. Rab1 Qc7 30. Bd2 Rxc1+ 31. Rxc1 Rc8 32. e4 d4 33. f4 exf4 34. gxf4 Qd7 35. f5 exf5 36. exf5 Kg8 37. Rc5 Bf8 38. Rc2 Rc7 39. Qc4+ Kh8 40. Bf4 Bd6 41. Bxd6 Qxd6 42. Qe6 Qf4 43. f6 h5 44. Bg2 Ra7 45. Rf2 Ra1+ 46. Bf1 Qg5+ 47. Kh1 1-0

[Event "46th GRE-chT Premier 2018"]
[Site "Rio Achaia"]
[Date "2018.07.10"]
[Round "1"]
[White "Mastrovasilis, Dimitrios"]
[Black "Firman, Nazar"]
[Result "1-0"]
[WhiteElo "2580"]
[BlackElo "2512"]
[Annotator "TA"]
[PlyCount "119"]
[EventDate "2018.07.10"]
[EventType "team-tourn"]
[EventCountry "GRE"]
[SourceTitle "playchess.com"]
[Source "ChessBase"]
[SourceQuality "1"]

1. e4 e6 2. d4 d5 3. Nc3 Bb4 4. e5 Ne7 5. Bd2 b6 6. Nce2 Bxd2+ 7. Qxd2 c5 8. c3 O-O 9. f4 Nbc6 10. Nf3 f6 11. Ng3 Bd7 12. Bd3 a5 13. exf6 Rxf6 14. O-O cxd4 15. cxd4 Qc7 16. Rac1 Raf8 17. Ne5 Qd6 18. Ne2 Nb4 19. Ng4 R6f7 20. Ne5 Rf6 21. Bb1 Bb5 22. Ng4 R6f7 23. Ne5 Rf6 24. a3 Nbc6 25. Bd3 Bxd3 26. Qxd3 Nb8 27. Rf3 Rc8 28. Rxc8+ Nxc8 29. Qc2 Ne7 30. Rc3 Nd7 31. Qa4 Nb8 32. Qc2 Rf8 33. Rc7 Nec6 34. Rxc6 Nxc6 35. Qxc6 Qxc6 36. Nxc6 Kf7 37. Kf2 Rc8 38. Ne5+ Ke8 39. Nc3 b5 40. Nd3 Rc4 41. Nxb5 Rc2+ 42. Kf3 Rd2 43. Nc5 Rxb2 44. a4 Ra2 45. Nc7+ Kf7 46. N7xe6 h5 47. Nd8+ Kf6 48. Nc6 Ra3+ 49. Kf2 Ra2+ 50. Kg3 Ra3+ 51. Kh4 Ra2 52. Kh3 Rd2 53. g4 g6 54. Kg3 Rd1 55. g5+ Kf7 56. Ne5+ Kg7 57. Ne6+ Kh7 58. Nf8+ Kg7 59. Nfxg6 Rxd4 60. f5 1-0

[Event "46th GRE-chT Premier 2018"]
[Site "Rio Achaia"]
[Date "2018.07.10"]
[Round "1"]
[White "Fier, Alexandr"]
[Black "Koyias, Konstantinos"]
[Result "1/2-1/2"]
[WhiteElo "2570"]
[BlackElo "2192"]
[Annotator "TA"]
[PlyCount "77"]
[EventDate "2018.07.10"]
[EventType "team-tourn"]
[EventCountry "GRE"]
[SourceTitle "playchess.com"]
[Source "ChessBase"]
[SourceQuality "1"]

1. e4 c5 2. Nf3 e6 3. d4 cxd4 4. Nxd4 Nc6 5. Nc3 d6 6. Be3 a6 7. f4 Qc7 8. Qf3 Nf6 9. O-O-O Be7 10. g4 Nxd4 11. Rxd4 b5 12. g5 Nd7 13. h4 Rb8 14. a3 Nc5 15. f5 Bd7 16. f6 gxf6 17. gxf6 Bf8 18. Rg1 a5 19. e5 dxe5 20. Rxd7 Qxd7 21. Bxb5 Rxb5 22. Rd1 e4 23. Nxe4 Qb7 24. Bxc5 Rxb2 25. Bb4 Rxb4 26. axb4 Bh6+ 27. Kb2 Qxb4+ 28. Qb3 Bf4 29. Qxb4 axb4 30. Kb3 Rg8 31. Ra1 Rg4 32. Ra8+ Kd7 33. Rf8 Rxh4 34. Rxf7+ Kc6 35. Re7 Bh6 36. Nf2 Rf4 37. Nd3 Rxf6 38. Rxh7 Bf8 39. Nxb4+ 1/2-1/2

[Event "46th GRE-chT Premier 2018"]
[Site "Rio Achaia"]
[Date "2018.07.10"]
[Round "1"]
[White "Pavlidis, Antonios"]
[Black "Gouloutis, Nikolaos"]
[Result "1-0"]
[WhiteElo "2564"]
[BlackElo "2382"]
[Annotator "TA"]
[PlyCount "105"]
[EventDate "2018.07.10"]
[EventType "team-tourn"]
[EventCountry "GRE"]
[SourceTitle "playchess.com"]
[Source "ChessBase"]
[SourceQuality "1"]

1. e4 c6 2. d4 d5 3. Nc3 dxe4 4. Nxe4 Bf5 5. Qf3 e6 6. Ne2 Nf6 7. Nxf6+ Qxf6 8. c3 Nd7 9. Qg3 Qd8 10. Nf4 Nf6 11. Bd3 Bg6 12. Nxg6 hxg6 13. Qf3 Qd5 14. Qxd5 exd5 15. f3 Bd6 16. Kf2 O-O-O 17. g3 Bc7 18. Bd2 a6 19. Rae1 Rde8 20. Rxe8+ Nxe8 21. h4 Nd6 22. g4 Kd7 23. h5 Bd8 24. Bf4 gxh5 25. gxh5 Bf6 26. a4 Ke6 27. Kg2 Kd7 28. Kg3 Ke6 29. Kg4 Be7 30. Be5 Bf6 31. f4 Ne8 32. Re1 Kd7 33. c4 Be7 34. Bf5+ Kd8 35. cxd5 Nf6+ 36. Bxf6 Bxf6 37. dxc6 bxc6 38. Rc1 Bxd4 39. Rxc6 Rh6 40. Rc8+ Ke7 41. b4 Rb6 42. Rc7+ Kf8 43. Rc8+ Ke7 44. Rc4 Bb2 45. a5 Rb8 46. Bd3 Kd6 47. Be4 Kd7 48. b5 axb5 49. Rc2 Ba3 50. a6 f5+ 51. Bxf5+ Kd6 52. Be4 Bc5 53. Rxc5 1-0

[Event "46th GRE-chT Premier 2018"]
[Site "Rio Achaia"]
[Date "2018.07.10"]
[Round "1"]
[White "Theodorou, Nikolas"]
[Black "Markidis, Konstantinos"]
[Result "1-0"]
[WhiteElo "2513"]
[BlackElo "2329"]
[Annotator "TA"]
[PlyCount "49"]
[EventDate "2018.07.10"]
[EventType "team-tourn"]
[EventCountry "GRE"]
[SourceTitle "playchess.com"]
[Source "ChessBase"]
[SourceQuality "1"]

1. d4 Nf6 2. c4 e6 3. Nc3 Bb4 4. g3 O-O 5. Bg2 d5 6. Nf3 dxc4 7. O-O Nc6 8. a3 Be7 9. e4 Na5 10. Be3 a6 11. Qc2 h6 12. Rad1 c6 13. Ne5 Qc7 14. f4 b5 15. g4 c5 16. g5 hxg5 17. fxg5 Nh7 18. g6 fxg6 19. Nxg6 cxd4 20. e5 d3 21. Nd5 Bc5 22. Qd2 Qd8 23. Bxc5 Rxf1+ 24. Rxf1 exd5 25. Bxd5+ 1-0

[Event "46th GRE-chT Premier 2018"]
[Site "Rio Achaia"]
[Date "2018.07.10"]
[Round "1"]
[White "Warakomski, Tomasz"]
[Black "Georgiou, Kostantinos"]
[Result "1/2-1/2"]
[WhiteElo "2505"]
[BlackElo "2242"]
[Annotator "TA"]
[PlyCount "139"]
[EventDate "2018.07.10"]
[EventType "team-tourn"]
[EventCountry "GRE"]
[SourceTitle "playchess.com"]
[Source "ChessBase"]
[SourceQuality "1"]

1. e4 c5 2. Nf3 e6 3. d4 cxd4 4. Nxd4 a6 5. c4 Nf6 6. Nc3 Qc7 7. Bd3 Nc6 8. Nb3 Ne5 9. f4 Nxd3+ 10. Qxd3 d6 11. O-O Be7 12. f5 O-O 13. Bf4 e5 14. Bg5 b5 15. cxb5 axb5 16. Bxf6 Bxf6 17. Nd5 Qd8 18. Rfd1 Bb7 19. Qxb5 Bxd5 20. Qxd5 Qb6+ 21. Kh1 Ra4 22. Qxd6 Qxd6 23. Rxd6 Rxe4 24. Rd2 Rf4 25. Nc5 Rxf5 26. g3 Be7 27. Ne4 Rf3 28. Rd7 Re3 29. Nc3 Bc5 30. a4 f5 31. a5 f4 32. gxf4 exf4 33. Na4 Bb4 34. a6 f3 35. Rf1 Re1 36. Kg1 Re7 37. Rxe7 Bxe7 38. b4 Bxb4 39. Rb1 Ra8 40. Rxb4 Rxa6 41. Nc3 Ra1+ 42. Rb1 Ra3 43. Ne4 h6 44. Rb2 g5 45. Kf2 Kg7 46. Kg3 Re3 47. Nd2 h5 48. Rb3 Rxb3 49. Nxb3 g4 50. Nd2 Kg6 51. Kf4 Kf6 52. Ne4+ Kg6 53. Nf2 Kf6 54. Nd3 Kg6 55. Ne5+ Kf6 56. Nc4 Kg6 57. Nd2 Kf6 58. Nf1 Kg6 59. Ne3 Kf6 60. Nd1 Kg6 61. Nf2 Kf6 62. Ke3 Kg5 63. Ne4+ Kf5 64. Nf2 Ke5 65. Nh1 Kf5 66. Ng3+ Kg5 67. Ne4+ Kf5 68. Nd2 Ke5 69. Nxf3+ gxf3 70. Kxf3 1/2-1/2

[Event "46th GRE-chT Premier 2018"]
[Site "Rio Achaia"]
[Date "2018.07.10"]
[Round "1"]
[White "Cornette, Deimante"]
[Black "Markantonaki, Haritomeni"]
[Result "1-0"]
[WhiteElo "2470"]
[BlackElo "2152"]
[Annotator "TA"]
[PlyCount "109"]
[EventDate "2018.07.10"]
[EventType "team-tourn"]
[EventCountry "GRE"]
[SourceTitle "playchess.com"]
[Source "ChessBase"]
[SourceQuality "1"]

1. e4 e5 2. Nf3 Nc6 3. Bb5 a6 4. Ba4 Nf6 5. O-O b5 6. Bb3 Bb7 7. d3 Be7 8. Nc3 O-O 9. Re1 d6 10. a3 Na5 11. Ba2 c5 12. Ne2 Qc7 13. Ng3 Bc8 14. Nh4 Be6 15. Nhf5 Nc6 16. Bg5 Bxf5 17. Nxf5 Nd4 18. Nxe7+ Qxe7 19. Re3 h6 20. Bxf6 Qxf6 21. c3 Ne6 22. Qg4 Nf4 23. g3 Ne6 24. Rf1 Rab8 25. f4 exf4 26. gxf4 b4 27. e5 dxe5 28. fxe5 Qg5 29. Qxg5 hxg5 30. Bc4 bxa3 31. bxa3 a5 32. Ref3 Rb6 33. a4 Nf4 34. h4 Ne6 35. hxg5 Nxg5 36. Rf5 Ne6 37. R1f3 g6 38. Rf6 Ng5 39. Rg3 Rxf6 40. exf6 Nh7 41. Rxg6+ Kh8 42. Rh6 Rg8+ 43. Kf2 Rg6 44. Rh5 Rxf6+ 45. Ke3 Rc6 46. Bd5 Rc7 47. Be4 f6 48. c4 Re7 49. Kf4 Kg8 50. Bxh7+ Rxh7 51. Rxh7 Kxh7 52. d4 Kg6 53. d5 Kg7 54. Kf5 Kf7 55. d6 1-0

[Event "46th GRE-chT Premier 2018"]
[Site "Rio Achaia"]
[Date "2018.07.10"]
[Round "1"]
[White "Firat, Burak"]
[Black "Deligiannis, Paraskevas"]
[Result "1-0"]
[WhiteElo "2452"]
[BlackElo "2061"]
[Annotator "TA"]
[PlyCount "119"]
[EventDate "2018.07.10"]
[EventType "team-tourn"]
[EventCountry "GRE"]
[SourceTitle "playchess.com"]
[Source "ChessBase"]
[SourceQuality "1"]

1. e4 e5 2. Nf3 Nf6 3. Nc3 Nc6 4. Bb5 Nd4 5. Bc4 Nxf3+ 6. Qxf3 d6 7. d3 Be6 8. Be3 c6 9. Bxe6 fxe6 10. O-O-O Be7 11. Qh3 Qd7 12. g3 O-O 13. f4 c5 14. fxe5 dxe5 15. g4 Qd6 16. g5 Nd7 17. g6 hxg6 18. Rhg1 Rf6 19. Bg5 Nf8 20. Bxf6 Bxf6 21. Qf3 a6 22. Rdf1 Qe7 23. Nd1 b5 24. Kb1 a5 25. Ne3 Bg5 26. h4 Bf4 27. h5 g5 28. Ng2 Ra7 29. Nxf4 gxf4 30. Qg4 Qf6 31. Qg5 Kf7 32. Kc1 a4 33. Rg4 Qxg5 34. Rxg5 Kf6 35. Rfg1 Rd7 36. R5g2 Ra7 37. Kd2 Rd7 38. Kc3 Rb7 39. b4 axb3 40. axb3 Rc7 41. Ra1 g5 42. hxg6 Nxg6 43. Rh1 Ne7 44. Rh6+ Kf7 45. Rh7+ Kf6 46. Kd2 Rc8 47. Rgg7 Ng6 48. Rc7 Rf8 49. Rxc5 Kg5 50. Rcc7 b4 51. Rcf7 Ra8 52. Rh1 Nh4 53. Rg1+ Kh6 54. Rf1 Kg5 55. Rh7 f3 56. Ke3 Rf8 57. Rg1+ Ng2+ 58. Kf2 Kf4 59. Rh3 Kg4 60. Rg3+ 1-0

[Event "46th GRE-chT Premier 2018"]
[Site "Rio Achaia"]
[Date "2018.07.10"]
[Round "1"]
[White "Sandalakis, Angelos"]
[Black "Tomici, Stefan"]
[Result "1-0"]
[WhiteElo "2448"]
[BlackElo "2369"]
[Annotator "TA"]
[PlyCount "57"]
[EventDate "2018.07.10"]
[EventType "team-tourn"]
[EventCountry "GRE"]
[SourceTitle "playchess.com"]
[Source "ChessBase"]
[SourceQuality "1"]

1. e4 e6 2. d4 d5 3. Nc3 Bb4 4. e5 b6 5. Qg4 Bf8 6. Bg5 Qd7 7. a3 Bb7 8. Nge2 Nc6 9. Ng3 h6 10. Be3 O-O-O 11. h4 f6 12. f4 h5 13. Qh3 Kb8 14. O-O-O f5 15. Bb5 a6 16. Be2 g6 17. Na2 Nh6 18. Nf1 Ng4 19. Kb1 Na5 20. Bg1 Rc8 21. Nd2 c5 22. dxc5 bxc5 23. b4 cxb4 24. axb4 Nc6 25. Nc4 Qc7 26. Nb6 Nxb4 27. Nxb4 Bxb4 28. Qb3 Bc5 29. Bxc5 1-0

[Event "46th GRE-chT Premier 2018"]
[Site "Rio Achaia"]
[Date "2018.07.10"]
[Round "1"]
[White "Zawadzka, Jolanta"]
[Black "Iordanidou, Zoi"]
[Result "1-0"]
[WhiteElo "2439"]
[BlackElo "2060"]
[Annotator "TA"]
[PlyCount "51"]
[EventDate "2018.07.10"]
[EventType "team-tourn"]
[EventCountry "GRE"]
[SourceTitle "playchess.com"]
[Source "ChessBase"]
[SourceQuality "1"]

1. e4 d5 2. exd5 Qxd5 3. Nc3 Qa5 4. d4 Nf6 5. Bc4 c6 6. Bd2 Qc7 7. Qe2 Nbd7 8. Nf3 Nb6 9. Bb3 Bf5 10. Ne5 e6 11. g4 Bg6 12. h4 O-O-O 13. h5 Bxc2 14. Bxc2 Rxd4 15. O-O-O Bd6 16. f4 Bxe5 17. fxe5 Nfd7 18. Ne4 Qxe5 19. Bc3 Qf4+ 20. Kb1 Rxd1+ 21. Rxd1 Nd5 22. Bxg7 Rg8 23. h6 f5 24. gxf5 exf5 25. Nc3 Qe3 26. Qh5 1-0

[Event "46th GRE-chT Premier 2018"]
[Site "Rio Achaia"]
[Date "2018.07.10"]
[Round "1"]
[White "Malikentzos, Sotirios"]
[Black "Maier, Christian"]
[Result "1-0"]
[WhiteElo "2420"]
[BlackElo "2378"]
[Annotator "TA"]
[PlyCount "85"]
[EventDate "2018.07.10"]
[EventType "team-tourn"]
[EventCountry "GRE"]
[SourceTitle "playchess.com"]
[Source "ChessBase"]
[SourceQuality "1"]

1. Nf3 d6 2. d4 Nf6 3. g3 c5 4. c4 cxd4 5. Nxd4 d5 6. Bg2 e5 7. Nb3 Bb4+ 8. Bd2 Bxd2+ 9. Qxd2 d4 10. Qg5 O-O 11. Qxe5 Nc6 12. Bxc6 bxc6 13. Qxd4 Qe7 14. Nc3 Rd8 15. Qc5 Qb7 16. O-O Be6 17. Rfd1 Nd7 18. Qd4 h6 19. Qh4 Qb4 20. Nd4 Qxb2 21. Nxe6 fxe6 22. Qd4 c5 23. Qe3 Nf8 24. Rdb1 Qc2 25. Rb7 Qf5 26. Qf3 Qxf3 27. exf3 Rd4 28. Ne4 Rxc4 29. Rc7 e5 30. Nxc5 Rb8 31. Re1 Ng6 32. Rd1 Rd4 33. Rxd4 exd4 34. Kg2 Nf8 35. Rxa7 Rb2 36. Ra8 Kf7 37. Nd3 Rd2 38. Ne5+ Ke7 39. Ra7+ Ke6 40. f4 g5 41. Nf3 Rd1 42. fxg5 hxg5 43. Nxg5+ 1-0

[Event "46th GRE-chT Premier 2018"]
[Site "Rio Achaia"]
[Date "2018.07.10"]
[Round "1"]
[White "Secheres, Adrian-Simion"]
[Black "Czarnota, Pawel"]
[Result "0-1"]
[WhiteElo "2415"]
[BlackElo "2549"]
[Annotator "TA"]
[PlyCount "84"]
[EventDate "2018.07.10"]
[EventType "team-tourn"]
[EventCountry "GRE"]
[SourceTitle "playchess.com"]
[Source "ChessBase"]
[SourceQuality "1"]

1. e4 c5 2. Nf3 d6 3. d4 cxd4 4. Nxd4 Nf6 5. Nc3 Nc6 6. Bg5 e6 7. Qd2 a6 8. O-O-O Bd7 9. f3 Be7 10. Be3 h5 11. h4 Ne5 12. f4 Neg4 13. Bg1 b5 14. a3 Qc7 15. Rh3 Rb8 16. Re1 O-O 17. Bd3 e5 18. Nd5 Nxd5 19. exd5 Bf6 20. Nc6 Bxc6 21. dxc6 d5 22. fxe5 Bxe5 23. Rf3 g6 24. Bc5 Rfe8 25. Bb4 Qxc6 26. Kb1 Bg7 27. Qf4 Qf6 28. Qxf6 Rxe1+ 29. Bxe1 Bxf6 30. Bg3 Rb6 31. Rf1 Ne3 32. Bf2 Nxf1 33. Bxb6 Nd2+ 34. Kc1 Nc4 35. Bxc4 dxc4 36. Bf2 Kf8 37. b3 cxb3 38. cxb3 Ke7 39. Kd2 Ke6 40. Ke2 Ke5 41. g3 Ke4 42. a4 Be5 0-1

[Event "46th GRE-chT Premier 2018"]
[Site "Rio Achaia"]
[Date "2018.07.10"]
[Round "1"]
[White "Skembris, Spyridon"]
[Black "Mastrovasilis, Athanasios"]
[Result "0-1"]
[WhiteElo "2393"]
[BlackElo "2497"]
[Annotator "TA"]
[PlyCount "50"]
[EventDate "2018.07.10"]
[EventType "team-tourn"]
[EventCountry "GRE"]
[SourceTitle "playchess.com"]
[Source "ChessBase"]
[SourceQuality "1"]

1. c4 Nf6 2. g3 e6 3. Bg2 d5 4. Nf3 Be7 5. O-O O-O 6. b3 c5 7. cxd5 Nxd5 8. Bb2 Bf6 9. Qc1 Nc6 10. Nc3 Nxc3 11. Bxc3 Nd4 12. Re1 Rb8 13. Nxd4 Bxd4 14. Qa3 a6 15. Bxd4 cxd4 16. Rac1 b6 17. Rc6 Bb7 18. Rd6 Qe7 19. Qb4 Bxg2 20. Kxg2 e5 21. Rc1 a5 22. Qa3 Rbc8 23. Rc4 b5 24. Rxc8 Rxc8 25. Rc6 Qb7 0-1

[Event "46th GRE-chT Premier 2018"]
[Site "Rio Achaia"]
[Date "2018.07.10"]
[Round "1"]
[White "Bednarek, Sylwester"]
[Black "Fedorchuk, Sergey A"]
[Result "1-0"]
[WhiteElo "2307"]
[BlackElo "2626"]
[Annotator "TA"]
[PlyCount "69"]
[EventDate "2018.07.10"]
[EventType "team-tourn"]
[EventCountry "GRE"]
[SourceTitle "playchess.com"]
[Source "ChessBase"]
[SourceQuality "1"]

1. d4 Nf6 2. Bg5 e6 3. e4 h6 4. Bxf6 Qxf6 5. c3 d6 6. Bd3 g6 7. Ne2 Bg7 8. O-O Qe7 9. f4 e5 10. dxe5 dxe5 11. f5 O-O 12. Na3 Nd7 13. Bc4 Kh7 14. Ng3 Nf6 15. Qe2 c6 16. Nc2 b5 17. Bb3 a5 18. Ne3 a4 19. Bc2 h5 20. Rf3 Bd7 21. a3 Rad8 22. Kh1 Bc8 23. Rg1 Bh6 24. Ngf1 Rg8 25. Rh3 Qc5 26. g4 gxf5 27. exf5 Rg5 28. Rhg3 hxg4 29. Nxg4 Qd5+ 30. R1g2 Nxg4 31. Rxg4 Rxg4 32. Qxg4 Qc4 33. Qh5 Rf8 34. f6+ e4 35. Rg7+ 1-0

[Event "46th GRE-chT Premier 2018"]
[Site "Rio Achaia"]
[Date "2018.07.10"]
[Round "1"]
[White "Trimitzios, Petros"]
[Black "Grivas, Efstratios"]
[Result "0-1"]
[WhiteElo "2300"]
[BlackElo "2431"]
[Annotator "TA"]
[PlyCount "132"]
[EventDate "2018.07.10"]
[EventType "team-tourn"]
[EventCountry "GRE"]
[SourceTitle "playchess.com"]
[Source "ChessBase"]
[SourceQuality "1"]

1. Nf3 d6 2. d4 f5 3. c4 Nf6 4. g3 g6 5. Bg2 Bg7 6. O-O O-O 7. Nc3 Qe8 8. d5 Na6 9. Nd4 Bd7 10. Rb1 c6 11. b3 Nc7 12. Bb2 c5 13. Nc2 a6 14. e4 f4 15. gxf4 Nh5 16. Ne2 Nxf4 17. Nxf4 Rxf4 18. Bxg7 Kxg7 19. Ne1 e5 20. Nd3 Rf7 21. Qd2 Qe7 22. f4 exf4 23. Rxf4 Rxf4 24. Qxf4 Rf8 25. Qg3 Ne8 26. Re1 b6 27. e5 Bf5 28. Nf4 Kg8 29. Ne6 Bxe6 30. exd6 Nxd6 31. Rxe6 Qg7 32. Qe5 Qxe5 33. Rxe5 Re8 34. Rxe8+ Nxe8 35. Kf2 Kf7 36. Ke3 Kf6 37. Ke4 Nd6+ 38. Kf4 g5+ 39. Kg4 Kg6 40. Kf3 h5 41. Bf1 Kf6 42. Bd3 Nf7 43. Ke4 Nd6+ 44. Kf3 b5 45. cxb5 axb5 46. a4 bxa4 47. bxa4 c4 48. Bc2 Ke5 49. a5 Kxd5 50. a6 Kc6 51. Bg6 c3 52. Ke3 h4 53. Kd3 g4 54. Bh5 Ne4 55. Be8+ Kb6 56. a7 Kxa7 57. Bc6 Nd2 58. Kxc3 Nf1 59. h3 gxh3 60. Kd3 Kb6 61. Ba8 h2 62. Ke2 Ng3+ 63. Kf2 h1=Q 64. Bxh1 Nxh1+ 65. Kf3 Ng3 66. Kg4 Nf5 0-1

[Event "46th GRE-chT Premier 2018"]
[Site "Rio Achaia"]
[Date "2018.07.10"]
[Round "1"]
[White "Nikolaidis, Konstantinos"]
[Black "Shoker, Samy"]
[Result "0-1"]
[WhiteElo "2182"]
[BlackElo "2482"]
[Annotator "TA"]
[PlyCount "108"]
[EventDate "2018.07.10"]
[EventType "team-tourn"]
[EventCountry "GRE"]
[SourceTitle "playchess.com"]
[Source "ChessBase"]
[SourceQuality "1"]

1. d4 g6 2. Nf3 Bg7 3. g3 Nf6 4. Bg2 O-O 5. O-O d6 6. c4 Nbd7 7. Nc3 e5 8. e4 exd4 9. Nxd4 Re8 10. h3 a6 11. Qc2 Rb8 12. Rd1 Qe7 13. Bf4 Nc5 14. Rd2 h6 15. Nd5 Nxd5 16. exd5 Bd7 17. Rad1 Qf6 18. Re2 Rxe2 19. Qxe2 Re8 20. Qc2 Qe7 21. b3 Qf8 22. Bc1 Re7 23. Bb2 Qe8 24. Bc3 Ne4 25. Bb2 Ng5 26. Kh2 h5 27. Nf3 Nxf3+ 28. Bxf3 Bxb2 29. Qxb2 Re5 30. Qd4 Qe7 31. Rd3 Bf5 32. Rc3 Be4 33. Bxe4 Rxe4 34. Re3 Rxe3 35. fxe3 a5 36. a3 Qd7 37. Qf6 Qe8 38. Qd4 b6 39. Kg2 Qe7 40. Kf2 Qd7 41. Kg2 Qf5 42. e4 Qg5 43. h4 Qc1 44. e5 Qc2+ 45. Kh1 Qxb3 46. e6 Qf3+ 47. Kh2 fxe6 48. dxe6 Qe2+ 49. Kg1 Qxe6 50. Kh2 Qe2+ 51. Kg1 Qe5 52. Qd3 Kg7 53. Kg2 c6 54. Kh2 g5 0-1

[Event "46th GRE-chT Premier 2018"]
[Site "Rio Achaia"]
[Date "2018.07.10"]
[Round "1"]
[White "Drakopoulos, Polihronis"]
[Black "Morozov, Nichita"]
[Result "0-1"]
[WhiteElo "2105"]
[BlackElo "2429"]
[Annotator "TA"]
[PlyCount "96"]
[EventDate "2018.07.10"]
[EventType "team-tourn"]
[EventCountry "GRE"]
[SourceTitle "playchess.com"]
[Source "ChessBase"]
[SourceQuality "1"]

1. d4 Nf6 2. c4 e6 3. g3 d5 4. Nf3 Bb4+ 5. Bd2 Bd6 6. Bg2 c6 7. Qc2 Nbd7 8. O-O O-O 9. Bg5 h6 10. Bxf6 Nxf6 11. Nbd2 b6 12. e4 Be7 13. e5 Ne8 14. c5 bxc5 15. dxc5 a5 16. Nd4 Bd7 17. f4 Nc7 18. Rf3 Na6 19. Rc3 Qb8 20. a3 a4 21. N2f3 Qa7 22. Rc1 Rfb8 23. Ne1 Nxc5 24. Rxc5 Bxc5 25. Qxc5 Qxc5 26. Rxc5 Rxb2 27. Nec2 Kf8 28. Kf2 Ke8 29. Ke3 Kd8 30. Nxc6+ Bxc6 31. Rxc6 Rc8 32. Rxc8+ Kxc8 33. Kd2 g6 34. Bf1 Rb1 35. Be2 Rh1 36. h4 Rh3 37. Bb5 Rxg3 38. Be8 Kd8 39. Bxf7 Ke7 40. Bg8 Rf3 41. Nd4 Rxf4 42. Kd3 Rxh4 43. Nxe6 Rh3+ 44. Kd4 Rxa3 45. Nf4 Rg3 46. Nxd5+ Kf8 47. Nf6 a3 48. e6 a2 0-1

[Event "46th GRE-chT Premier 2018"]
[Site "Rio Achaia"]
[Date "2018.07.10"]
[Round "1"]
[White "Pappas, Andreas"]
[Black "Zimina, Olga"]
[Result "0-1"]
[WhiteElo "2019"]
[BlackElo "2411"]
[Annotator "TA"]
[PlyCount "82"]
[EventDate "2018.07.10"]
[EventType "team-tourn"]
[EventCountry "GRE"]
[SourceTitle "playchess.com"]
[Source "ChessBase"]
[SourceQuality "1"]

1. d4 d5 2. Bf4 Nf6 3. e3 c5 4. c3 Nc6 5. Nd2 cxd4 6. exd4 Bf5 7. Qb3 Qc8 8. Ngf3 e6 9. h3 h6 10. g4 Bh7 11. Bb5 Be7 12. Ne5 O-O 13. Qa4 Nxe5 14. Bxe5 a6 15. Be2 b5 16. Qb3 Ne4 17. h4 Qd8 18. Nxe4 Bxe4 19. f3 Bxh4+ 20. Kd2 Bg5+ 21. f4 Bxh1 22. Rxh1 f6 23. fxg5 fxe5 24. gxh6 gxh6 25. Rh5 exd4 26. g5 hxg5 27. cxd4 Qf6 28. Qe3 Qf4 29. Rxg5+ Kh8 30. Rh5+ Kg7 31. Rg5+ Kh6 32. Rh5+ Kg6 33. Re5 Qxe3+ 34. Kxe3 Kf6 35. Bg4 Rae8 36. Bh5 Re7 37. Be2 Rh8 38. Kf4 Rh4+ 39. Bg4 Rg7 40. Rxe6+ Kf7 41. Ke5 Rgxg4 0-1

[Event "46th GRE-chT Premier 2018"]
[Site "Rio Achaia"]
[Date "2018.07.11"]
[Round "2"]
[White "Saric, Ivan"]
[Black "Warakomski, Tomasz"]
[Result "1-0"]
[WhiteElo "2689"]
[BlackElo "2505"]
[Annotator "TA"]
[PlyCount "109"]
[EventDate "2018.07.10"]
[EventType "team-tourn"]
[EventCountry "GRE"]
[SourceTitle "playchess.com"]
[Source "ChessBase"]
[SourceQuality "1"]

1. e4 e5 2. Nf3 Nc6 3. Bb5 a6 4. Ba4 Nf6 5. O-O Be7 6. Re1 b5 7. Bb3 d6 8. c3 O-O 9. h3 Nb8 10. d4 Nbd7 11. Nbd2 Bb7 12. Bc2 Re8 13. Nf1 Bf8 14. Ng3 g6 15. a4 c5 16. d5 c4 17. Bg5 Nc5 18. Qd2 Be7 19. Rf1 Nfd7 20. Be3 Bf6 21. Nh2 h5 22. Ne2 Bg7 23. g4 Nf6 24. f3 Qc7 25. Ng3 bxa4 26. Bxa4 Nxa4 27. Rxa4 a5 28. Kh1 hxg4 29. fxg4 Qd7 30. Raa1 Qb5 31. Rad1 Bc8 32. Bh6 Nh7 33. Rf2 Ra7 34. Rg1 f6 35. h4 Rf7 36. Bxg7 Kxg7 37. Nhf1 Rh8 38. Rh2 Bxg4 39. Nf5+ gxf5 40. exf5 Kf8 41. Rxg4 Ke7 42. Ne3 Rc8 43. Rhg2 Nf8 44. Rg7 Nd7 45. Rxf7+ Kxf7 46. Qe2 Rh8 47. Rg4 Ke7 48. Qg2 Qa4 49. Kh2 Kd8 50. Nxc4 Kc7 51. Qf2 Nc5 52. Nxd6 Qxg4 53. Qxc5+ Kd7 54. Qc6+ Kd8 55. Qc8+ 1-0

[Event "46th GRE-chT Premier 2018"]
[Site "Rio Achaia"]
[Date "2018.07.11"]
[Round "2"]
[White "Fedorchuk, Sergey A"]
[Black "Kelires, Andreas"]
[Result "1/2-1/2"]
[WhiteElo "2626"]
[BlackElo "2530"]
[Annotator "TA"]
[PlyCount "153"]
[EventDate "2018.07.10"]
[EventType "team-tourn"]
[EventCountry "GRE"]
[SourceTitle "playchess.com"]
[Source "ChessBase"]
[SourceQuality "1"]

1. e4 e5 2. Nf3 Nc6 3. Bb5 a6 4. Ba4 Nf6 5. O-O Be7 6. Re1 b5 7. Bb3 d6 8. c3 O-O 9. h3 Nb8 10. d4 Nbd7 11. c4 c6 12. Nc3 Qc7 13. a3 Rb8 14. Qc2 h6 15. Be3 bxc4 16. Bxc4 d5 17. Bd3 Bd6 18. Rad1 Bb7 19. b4 a5 20. dxe5 Nxe5 21. Nxe5 Bxe5 22. Bc5 axb4 23. axb4 Rfe8 24. exd5 Nxd5 25. Nxd5 cxd5 26. Ba7 Qxc2 27. Bxc2 Ra8 28. Bc5 Bc3 29. Rxe8+ Rxe8 30. b5 Rc8 31. Bd6 Ba5 32. Bf5 Rc4 33. Ra1 Bb6 34. Re1 g6 35. Re8+ Kh7 36. Bd3 Rc1+ 37. Bf1 d4 38. Bf4 Rc8 39. Rxc8 Bxc8 40. Bc4 Kg7 41. Kf1 g5 42. Be5+ f6 43. Bd6 h5 44. Ke2 Kg6 45. Bd5 Bf5 46. f3 g4 47. Be4 gxh3 48. gxh3 Bxe4 49. fxe4 Kf7 50. Kd3 Ke6 51. Bf4 f5 52. Bh6 fxe4+ 53. Kxe4 Kf6 54. Bc1 Ke6 55. Ba3 d3 56. Kxd3 Kd5 57. Be7 Ba5 58. Bf8 Be1 59. Ba3 Ba5 60. Be7 Be1 61. Bd8 Kc5 62. b6 Kc6 63. Ke2 Bg3 64. Kf3 Be1 65. Kf4 Bf2 66. Kg5 h4 67. Kg4 Kb7 68. Bxh4 Bxb6 69. Kf5 Kc6 70. Ke6 Bc7 71. Bf2 Bd8 72. Bg3 Bg5 73. Be5 Bh4 74. Bf6 Bf2 75. Bg5 Be1 76. h4 Bxh4 77. Bxh4 1/2-1/2